000 00424nam a22001697a 4500
003 OSt
008 230512b |||||||| |||| 00| 0 eng d
020 _a9781439839560
082 _a005.8 PEI
100 _aPELTIER,Thomas R
245 _aInformation Security Risk Analysis
250 _a3rd Ed
260 _aNew York
_bCRC Press
_c2010
300 _a440
650 _aInformation Security Risk Analysis
942 _2ddc
_cBK
999 _c12046
_d12046